|
|
|
|
| LEADER |
01203nam a22003132a 4500 |
| 001 |
000255227 |
| 003 |
CZ BrMZK |
| 005 |
20180827120600.0 |
| 007 |
ta |
| 008 |
010907s1956 xr e p 000 0 cze d |
| 040 |
|
|
|a BOA001
|b cze
|c BOA001
|
| 072 |
|
7 |
|a 552
|x Petrologie
|2 Konspekt
|9 7
|
| 072 |
|
7 |
|a 37.016
|x Učební osnovy. Vyučovací předměty. Učebnice
|2 Konspekt
|9 22
|
| 080 |
|
|
|a 552
|2 MRF
|
| 080 |
|
|
|a (075.8)
|2 MRF
|
| 100 |
1 |
|
|a Hejtman, Bohuslav,
|d 1911-2000
|7 jk01040598
|4 aut
|
| 245 |
1 |
0 |
|a Všeobecná a systematická petrografie /
|c Bohuslav Hejtman
|
| 260 |
|
|
|a Ostrava :
|b Ediční středisko Vysoké školy báňské,
|c 1956
|
| 300 |
|
|
|a 355 s.
|
| 490 |
1 |
|
|a Učební texty vysokých škol
|
| 504 |
|
|
|a Obsahuje bibliografii
|
| 550 |
|
|
|a Vydavatel: Vysoká škola báňská v Ostravě, Fakulta geologická
|
| 650 |
0 |
7 |
|a petrologie
|7 ph115723
|2 czenas
|
| 655 |
|
7 |
|a učebnice vysokých škol
|7 fd133772
|2 czenas
|
| 710 |
2 |
|
|a Vysoká škola báňská v Ostravě.
|b Geologická fakulta
|7 kn20140925001
|
| 830 |
|
0 |
|a Učební texty vysokých škol
|
| 910 |
|
|
|a BOA001
|b 2-0358.973
|
| 990 |
|
|
|a BK
|
| 996 |
6 |
|
|b 2619903952
|c 2-0358.973
|l MZK
|r Sklad / do 24 hodin
|n 2
|w 000255227
|u 000010
|a 1
|e BOA001
|j MZK50
|s P
|